书目信息 |
| 题名: |
房屋建筑教程
|
|
| 作者: | 姜忆南 , 李世芬 主编 | |
| 分册: | ||
| 出版信息: | 北京 化学工业出版社 2004.08 |
|
| 页数: | 362页 | |
| 开本: | 26cm | |
| 丛书名: | ||
| 单 册: | ||
| 中图分类: | TU22 | |
| 科图分类: | ||
| 主题词: | 房屋建筑学--教材 , 建筑构造--结构设计 | |
| 电子资源: | ||
| ISBN: | 7-5025-5981-7 | |
| 000 | 00876nam0 2200265 450 | |
| 001 | 0161231398 | |
| 005 | 20091215154303.01 | |
| 010 | @a7-5025-5981-7@dCNY45.00 | |
| 100 | @a20050314d2004 km y0chiy0121 ea | |
| 101 | 0 | @achi |
| 102 | @aCN@b110000 | |
| 105 | @aa a 000yy | |
| 200 | 1 | @a房屋建筑教程@Afang wu jian zhu jiao cheng@f姜忆南, 李世芬主编@Fjiang yi nan,li shi fen zhu bian |
| 210 | @a北京@c化学工业出版社@d2004.08 | |
| 215 | @a362页@c图@d26cm | |
| 320 | @a有书目 (第362页)。 | |
| 330 | @a本书是一部房屋建筑教程。主要包括:建筑空间与形态设计、民用建筑构造设计概述、建筑节能、墙体等内容。 | |
| 333 | @a建筑设计人员及普通读者。 | |
| 606 | 0 | @a房屋建筑学@x教材 |
| 606 | 0 | @a建筑构造@x结构设计 |
| 690 | @aTU22@v4 | |
| 701 | 0 | @a姜忆南@Ajiang yi nan@4主编 |
| 701 | 0 | @a李世芬@Ali shi fen@4主编 |
| 801 | 0 | @aCN@bQSSK@c20091215 |
| 905 | @a10447@dTU22@eJ5351 | |
| 房屋建筑教程/姜忆南, 李世芬主编.-北京:化学工业出版社,2004.08 |
| 362页:图;26cm |
| 使用对象:建筑设计人员及普通读者。 |
| ISBN 7-5025-5981-7:CNY45.00 |
| 本书是一部房屋建筑教程。主要包括:建筑空间与形态设计、民用建筑构造设计概述、建筑节能、墙体等内容。 |
| ● |
| 相关链接 |
|
|
|
正题名:房屋建筑教程
索取号:TU22/J5351
 
预约/预借
| 序号 | 登录号 | 条形码 | 馆藏地/架位号 | 状态 | 备注 |
| 1 | 572615 | 205726151 | 建筑库101/101建筑库 45排5列5层/ [索取号:TU22/J5351] | 在馆 | |
| 2 | 572616 | 205726160 | 建筑库101/101建筑库 45排5列5层/ [索取号:TU22/J5351] | 在馆 | |
| 3 | 572617 | 205726179 | 建筑库101/101建筑库 45排5列5层/ [索取号:TU22/J5351] | 在馆 |